000 01861nam a2200397 i 4500
001 161037
003 ES-MaACL
005 20250822062555.0
008 010207m18831889sp |||| | spa d
080 _a5
100 1 _aOrdás, Alfonso.
_9130673
245 1 0 _aCultura jeneral [sic] :
_bensayos de esposición [sic] científica /
_cpor A. Ordás.
260 _aMadrid :
_b[s.n.],
_c[1883-1889] (
_fImp. de Francisco Nozal)
300 _a15 t. en 1 v. ;
_c21 cm.
505 8 _aContiene: I. Ciencias teóricas: Lógica ; Matemática ; Mecánica ; Física ; Química ; Anatomía o morfología (estructura de todos los cuerpos brutos y vivos) ; Fisiología o praxeología (funciones de todos los seres, inorgánicos y organizados) ; Mineralogía ; Botánica ; Zoología ; Psicología ; Política o sociología ; Clasificación de las ciencias (orden en que deben ser estudiadas) - II. Ciencias prácticas: Ciencia y arte ; Medicina ; Guerra
530 _aDisponible en formato digital.
596 _aVol. imp. por diferentes impresores.
650 7 _aCiencias
_2embne
_910971
650 4 _aLógica.
_914693
650 7 _aMecánica
_2embne
_914869
650 7 _aFísica
_2embne
_912877
650 7 _aQuímica
_2embne
_916625
650 7 _aAnatomía
_2embne
_99800
650 4 _aFisiología.
_9136120
650 4 _aMineralogía.
_915053
650 7 _aBotánica
_2embne
_910610
650 7 _aZoología
_2embne
_917868
650 7 _aPsicología
_2embne
_916540
650 7 _aPolítica
_2embne
_9140345
650 7 _aClasificación de las ciencias
_2embne
_9135780
650 7 _aArte y ciencia
_2embne
_910329
650 4 _aGuerra.
_913173
852 4 _aES-MaACL
_jG-3646
_z- Enc. hol.
_z- Enc. en un vol. facticio
856 4 _uhttp://bdh-rd.bne.es/viewer.vm?id=0000090153&page=1
_zBiblioteca Digital Hispánica
999 _c161037
_d161037